MARC details
| 000 -CABECERA |
| campo de control de longitud fija |
01233cam a22002297a 4500 |
| 003 - IDENTIFICADOR DEL NÚMERO DE CONTROL |
| campo de control |
MX-MxUPN |
| 005 - FECHA Y HORA DE LA ÚLTIMA TRANSACCIÓN |
| campo de control |
20231028063600.0 |
| 008 - ELEMENTOS DE LONGITUD FIJA--INFORMACIÓN GENERAL |
| campo de control de longitud fija |
231023s2006 mx|a||||r|||| 000 0 spa d |
| 020 ## - NÚMERO INTERNACIONAL NORMALIZADO PARA LIBROS |
| Número Internacional Estándar del Libro |
9707860235 |
| 040 ## - FUENTE DE LA CATALOGACIÓN |
| Centro catalogador/agencia de origen |
MX-MxUPN |
| Lengua de catalogación |
spa |
| 050 #4 - SIGNATURA TOPOGRÁFICA DE LA BIBLIOTECA DEL CONGRESO |
| Número de clasificación |
JS2138.3 |
| Número de documento/Ítem |
E44 2006 |
| 245 10 - MENCIÓN DE TÍTULO |
| Título |
Elecciones y ciudadanía en el Distrito Federal |
| 250 ## - MENCIÓN DE EDICIÓN |
| Mención de edición |
1ra. edición |
| 260 ## - PUBLICACIÓN, DISTRIBUCIÓN, ETC. |
| Lugar de publicación, distribución, etc. |
México, D.F.: |
| Nombre del editor, distribuidor, etc. |
Instituto Electoral del Distrito Federal, |
| Fecha de publicación, distribución, etc. |
2006. |
| 300 ## - DESCRIPCIÓN FÍSICA |
| Extensión |
251 páginas : |
| Otras características físicas |
gráficos |
| 490 ## - MENCIÓN DE SERIE |
| Mención de serie |
Colección sinergia ; |
| Designación de volumen o secuencia |
6 |
| 505 00 - NOTA DE CONTENIDO CON FORMATO PREESTABLECIDO |
| Título |
Sociedad civil y rendición de cuentas / |
| Mención de responsabilidad |
John. M. Ackerman. -- |
| Título |
Participación ciudadana y construcción de ciudadanía en la Ciudad de México / |
| Mención de responsabilidad |
Lucían Álvarez Enríquez. -- |
| Título |
Partidos políticos y representación en el Distrito Federal / |
| Mención de responsabilidad |
Facundo González Bárcenas. -- |
| Título |
Mujeres, acción política y elecciones en la Ciudad México (1988-2006) / |
| Mención de responsabilidad |
Marta Lamas. -- |
| Título |
Elecciones, ciudadanía e institución electoral en el Distrito Federal (1988-2006) / |
| Mención de responsabilidad |
Manuela Larrosa Haro. |
| 650 #4 - ASIENTO SECUNDARIO DE MATERIA - TERMINO TEMATICO |
| Término de materia o nombre geográfico como elemento de entrada |
Elecciones |
| Subdivisión geográfica |
Distrito Federal (México) |
| 9 (RLIN) |
22630 |
| 650 #4 - ASIENTO SECUNDARIO DE MATERIA - TERMINO TEMATICO |
| Término de materia o nombre geográfico como elemento de entrada |
Participación política |
| Subdivisión geográfica |
Distrito Federal (México) |
| 9 (RLIN) |
17483 |
| 902 ## - ELEMENTOS DE DATOS B LOCAL, LDB (RLIN) |
| Creó |
lc23102023 |
| Modificó |
VíctorGodínez/271023 |
| 942 ## - ELEMENTOS DE PUNTO DE ACCESO ADICIONAL (KOHA) |
| Fuente del sistema de clasificación o colocación |
Library of Congress Classification |
| Tipo de ítem Koha |
Libro |